000 01335nam a22001577a 4500
041 _aukr
080 _a09
090 _bАТА
100 _aАтаманюк М. Ю.
245 _aКонцепт "Eeuroscepticism" в англомовних друкованих мас-медіа
260 _aОстрог
_bКАФ
_c2012
300 _a60
520 _aРОЗДІЛ 1. ОСОБЛИВОСТІ ТРАКТУВАННЯ ПОНЯТТЯ "EUROSCEPTICISM". 1.1. Особливості формування нових понять на прикладі терміну "euroscepticism". 2.1. Класифікація підходів до розуміння поняття "euroscepticism". РОЗДІЛ 2. КОНТЕНТ-АНАЛІЗ ЯК ОСНОВНИЙ МЕТОД ДОСЛІДЖЕННЯ ЗМІ. 2.1. Основні принципи контент-аналізу. 2.2. Контент-аналіз як кількісний та якісний метод дослідження. РОЗДІЛ 3. ЗАСТОСУВАННЯ КОНТЕНТ-АНАЛІЗУ В РАМКАХ ДОСЛІДЖЕННЯ КОНЦЕПТУ "EUROSCEPTICISM". 3.1. Визначення категорій. 3.2. Кількісний та якісний контент аналіз статті.
_0мас-медіа, Eeuroscepticism
650 _aResearch Papers
999 _c284889
_d284889
942 _cBK